01610nam a2200385Ia 4500001000900000003000500009005001700014008004100031010001100072020002200083040000900105082002100114100003300135245011000168260009100278300001100369440004700380504003100427590002200458650007300480650003500553650003100588650003500619650002800654650003900682700003100721901002100752902000600773905006300779942001500842999001900857952011200876952012400988952011201112dia_5284CHAP20251023153113.0220117s2012 xx 000 0 und d a176193 a978-607-401-427-3 cCHAP a363.856 H65 2012 aHolt-Giménez, Eric9158101 a¡Rebeliones alimentarias! : la crisis y el hambre por la justicia /c Eric Holt - Giménez y Raj Patel aMéxico :b Universidad Autónoma de Zacatecas :,b Miguel Ángel Porrúa,c2012 a310 p. aEstudios críticos del desarrollo9125214 aBibliografía: p. 279-293 aHD9000.5 H65 2012 aAlimentación y nutrición humanaxAspectos económicos 9158102 aConsumo alimentario 9158103 aFood consumption 9158104 aFood human nutrition 9158105 aFood production9148170 aProdución de alimentos 9158106 aPatel, Raj, coaut.9158107 a363.856 H65 2012 aM a5232272012 mx adm 8222113312spa16 cLIBRO2ddc c176193d176193 00102ddc40708GRALaIA_bIA_c1d2022-01-18f1l0pdia_007608r2022-01-18 00:00:00t3w2022-01-18yLIBRO 00102ddc40708GRALaIA_bIA_c1d2022-01-18f1l1pdia_007606r2024-08-15 18:08:26s2024-08-15t1w2022-01-18yLIBRO 00102ddc40708GRALaIA_bIA_c1d2022-01-18f1l0pdia_007607r2022-01-18 00:00:00t2w2022-01-18yLIBRO